| 000 | 00997nam a2200289Ia 4500 | ||
|---|---|---|---|
| 003 | GCL | ||
| 008 | 140319s9999 xx 000 0 ara d | ||
| 040 |
_aGCL / _cGCL |
||
| 082 | 0 | 4 |
_aط _b155.4 _bك س |
| 100 | 1 | _aكيركندال, ليستر | |
| 245 | 1 | 0 |
_aسلسلة دراسات سيكلوجية / _cكيركندال, ليستر |
| 700 | 1 | _aمحمد نسيم رأفت | |
| 260 |
_a[S.N] : _bمكتبة النهضة المصرية ، _c1993 |
||
| 490 |
_aسلسلة دراسات سيكولوجية _v0 |
||
| 650 | 0 | 4 | _aالاطفال |
| 650 | 0 | 4 | _aعلم النفس |
| 650 | 0 | 4 | _aالتحليل النفسى |
| 650 | 0 | 4 | _aتعليم الاطفال |
| 650 | 0 | 4 | _aعلم النفس التربوى |
| 650 | 0 | 4 | _aالمراهقة |
| 650 | 0 | 4 | _aعلم النفس الاجتماعى |
| 650 | 0 | 4 | _aالعناية الصحية |
| 650 | 0 | 4 | _aالرعاية الذهنية |
| 650 | 0 | 4 | _aالاطفال الشواذ |
| 650 | 0 | 4 | _aعلم النفس الارتقائى |
| 942 |
_2ddc _cBK |
||
| 999 |
_c29971 _d29971 |
||